| 000 | 00796nam a22002417a 4500 | ||
|---|---|---|---|
| 005 | 20170124110210.0 | ||
| 010 | _aB-127815 | ||
| 020 |
_c00.00 _a8178293218 |
||
| 035 | _aB-127815 | ||
| 037 | _bCen Lib/Ret | ||
| 040 |
_aDPL _bEN |
||
| 082 |
_a338.88854 _bSIN |
||
| 100 |
_aSinha, Jai B.P. _917182 |
||
| 245 |
_aMultinationals in India : _cby Jai B.P. Sinha _bmanaging the interface of cultures / |
||
| 246 | _b | ||
| 260 |
_bSage publications _c2004 _aNew Delhi |
||
| 270 |
_aB-42, Panchsheel enclave _bNew Delhi _e110017 |
||
| 300 |
_a290p. _c21cm(Hb) |
||
| 500 | _aincludes bibliographical references and index | ||
| 650 |
_ainternational business interprises _zIndia _938016 |
||
| 650 |
_aCorporate culture _zIndia _938017 |
||
| 942 |
_2ddc _cEN _h338.88854 _mSIN |
||
| 999 |
_c133465 _d133465 |
||